L'Espagne au XIXe siècle / (Record no. 48447)

MARC details
000 -LEADER
campo de control de longitud fija 00454nam a22001575i 4500
001 - NÚMERO DE CONTROL
campo de control 48447
003 - IDENTIFICADOR DE NÚMERO DE CONTROL
campo de control ES-MaACL
007 - CAMPO FIJO DE DESCRIPCIÓN FÍSICA--INFORMACIÓN GENERAL
campo de control de longitud fija t|
008 - DATOS DE LONGITUD FIJA--INFORMACIÓN GENERAL
campo de control de longitud fija 950719s1860 fr ||||1| fre d
040 ## - FUENTE DE CATALOGACIÓN
Centro catalogador/agencia de origen CAM
Lengua de catalogación spa
Centro/agencia transcriptor CAM
100 1# - ENTRADA PRINCIPAL--NOMBRE DE PERSONA
Nombre de persona Defontaine, Jules.
9 (RLIN) 43206
245 12 - MENCIÓN DEL TÍTULO
Título L'Espagne au XIXe siècle /
Mención de responsabilidad, etc. par Jules Defontaine...
260 ## - PUBLICACIÓN, DISTRIBUCIÓN, ETC.
Lugar de publicación, distribución, etc. Paris :
Nombre del editor, distribuidor, etc. E. Dentu,
Fecha de publicación, distribución, etc. 1860 (
Lugar de fabricación/manufactura Lille :
Fabricante imp. E. Reboux)
300 ## - DESCRIPCIÓN FÍSICA
Extensión XI, 172, [4] p. ;
Dimensiones 25 cm.
852 ## - LOCALIZACIÓN
Ubicación ES-MaACL
Número de control de estantería G-6978
Holdings
Estatus retirado Estado de pérdida Estado de daño No para préstamo Colección Biblioteca de origen Biblioteca actual Ubicación en estantería Fecha de adquisición Fuente de adquisición Total de préstamos Signatura topográfica completa Código de barras Visto por última vez Precio de reemplazo Tipo de ítem Koha
        Libros del s. XIX Biblioteca del Ateneo de Madrid Biblioteca del Ateneo de Madrid Depósito 2 17/01/2008     G-6978 1050985 23/02/2023 23/02/2023 Libro impreso antiguo